000 00470nam a2200169Ia 4500
999 _c35778
_d35778
003 OSt
005 20201218125021.0
008 190216s9999||||xx |||||||||||||| ||und||
040 _coclc
082 _a591.03
_bLEF/D
100 _aLeftwich, A W
_97684
245 2 _aA Dictionary Of Zoology /
_cA W Leftwich
260 _bCbs Publishers,
_c1983.
_aDelhi:
300 _a478p
650 _aZoology
942 _cREF
_2ddc
_h591.03
_iLEF/D
_k591.03
_mLEF/D